000 00494cam a2200193 4500
001 D10030
008 090401t1974 xxu||||| |||| 00| 0 eng d
035 _a(Sirsi) u1271
041 _aeng
050 _a336.21026
100 _aWright, H.J et al
245 _aRating law and practice
260 _aLondon
_bRating and Valuation Association
_c1974
300 _axxxii. 336p. 22cm
350 _a5.75
520 _aFor second edition see Barnfield, J O
942 _n0
948 _c04/03/1997
999 _c85651
_d85651